Temples, tombs, & hieroglyphs : a popular history of ancient Egypt /

محفوظ في:

المؤلف الرئيسي: Mertz, Barbara (مؤلف)

التنسيق: كتاب

اللغة: English

منشور في: New York : William Morrow, 2007.

الطبعة: Second edition, first William Morrow edition.

الموضوعات:

الوسوم: إضافة وسم

لا توجد وسوم, كن أول من يضع وسما على هذه التسجيلة!

رقم الطلب: DT60 .M45 2007

LEADER 01047cam a2200301 i 4500
001 ocn148888643
003 OCoLC
005 20240116123929.0
008 070716s2007 nyuabf b 001 0 eng
010 |a  2007029118 
020 |a 9780061252778  |q (pbk.) 
020 |a 0061252778  |q (pbk.) 
020 |a 9780061252761  |q (hbk.) 
020 |a 006125276X  |q (hbk.) 
043 |a f-ua--- 
050 0 0 |a DT60  |b .M45 2007 
100 1 |a Mertz, Barbara,  |e author. 
245 1 0 |a Temples, tombs, & hieroglyphs :  |b a popular history of ancient Egypt /  |c Barbara Mertz. 
246 3 |a Temples, tombs, and hieroglyphs 
250 |a Second edition, first William Morrow edition. 
264 1 |a New York :  |b William Morrow,  |c 2007. 
300 |a xxvi, 324 pages, 16 unnumbered pages of plates :  |b illustrations (some color), maps ;  |c 24 cm 
336 |a text  |b txt  |2 rdacontent 
337 |a unmediated  |b n  |2 rdamedia 
338 |a volume  |b nc  |2 rdacarrier 
504 |a Includes bibliographical references and index. 
651 0 |a Egypt  |x History  |y To 332 B.C. 
999 |c 55488  |d 55488